[Event "27th ECC Women 2023"]
[Site "Durres ALB"]
[Date "2023.10.02"]
[Round "2.5"]
[Board "3"]
[White "Demeter, Dorina"]
[Black "Daulyte-Cornette, Deimante"]
[Result "1/2-1/2"]
[WhiteTitle "WFM"]
[BlackTitle "IM"]
[WhiteElo "2115"]
[BlackElo "2360"]
[WhiteTeam "Gokturk Chess Sport Club"]
[BlackTeam "SP Gaz Ukraine"]
[WhiteFideId "778079"]
[BlackFideId "12802859"]
[EventDate "2023.10.01"]

1. Nf3 Nf6 2. c4 e6 3. b3 d5 4. Bb2 c5 5. e3 Nc6 6. cxd5 exd5 7. Bb5 Bd6 8. O-O
O-O 9. d4 cxd4 10. Nxd4 Bg4 11. Be2 Bxe2 12. Qxe2 Re8 13. Nd2 Nxd4 14. Bxd4 Be5
15. Nf3 Bxd4 16. Nxd4 Rc8 17. Rac1 a6 18. Rc2 Qd7 19. Rfc1 g6 20. a4 Ne4 21. h3
h5 22. Rxc8 Rxc8 23. Qb2 Rc7 24. Rc2 Qd6 25. Qc1 Rxc2 26. Qxc2 Qb4 27. Kf1 Qa3
28. g3 Kg7 29. Qc7 Qa1+ 30. Kg2 Qe1 31. Qe5+ Kh7 32. Qf4 Kg8 33. Qb8+ Kh7 34.
Qf4 Kg8 35. Qb8+ Kh7 36. Qf4 1/2-1/2

[Event "27th ECC Women 2023"]
[Site "Durres ALB"]
[Date "2023.10.02"]
[Round "2.5"]
[Board "4"]
[White "Zhukova, Natalia"]
[Black "Aydin, Gulenay"]
[Result "1/2-1/2"]
[WhiteTitle "GM"]
[BlackTitle "WFM"]
[WhiteElo "2303"]
[BlackElo "2143"]
[WhiteTeam "SP Gaz Ukraine"]
[BlackTeam "Gokturk Chess Sport Club"]
[WhiteFideId "14101513"]
[BlackFideId "34557431"]
[EventDate "2023.10.01"]

1. d4 Nf6 2. c4 g6 3. Nc3 Bg7 4. e4 d6 5. Nf3 Bg4 6. Be2 Bxf3 7. Bxf3 e5 8. d5
h5 9. Be3 Bh6 10. Bxh6 Rxh6 11. Qd2 Rh8 12. Bd1 Nbd7 13. Ba4 Kf8 14. Bxd7 Nxd7
15. O-O-O Kg7 16. g3 a6 17. Kb1 b5 18. cxb5 axb5 19. Nxb5 Qb8 20. Nc3 Qb4 21. f3
Rhb8 22. Ne2 Qa4 23. Nc1 Qa3 24. Rhf1 Nc5 25. Qc2 Ra6 26. Rf2 Rab6 27. b3 Nxb3
28. Nxb3 Rxb3+ 29. axb3 Rxb3+ 30. Qxb3 Qxb3+ 31. Kc1 Qc3+ 32. Kb1 Qb3+ 33. Kc1
Qc3+ 34. Kb1 1/2-1/2

[Event "27th ECC Women 2023"]
[Site "Durres ALB"]
[Date "2023.10.02"]
[Round "2.6"]
[Board "1"]
[White "Song, Yuxin"]
[Black "Doluhanova, Evgeniya"]
[Result "1-0"]
[WhiteTitle "WIM"]
[BlackTitle "WGM"]
[WhiteElo "2404"]
[BlackElo "2230"]
[WhiteTeam "TAJFUN SK Ljubljana"]
[BlackTeam "Panevezys"]
[WhiteFideId "8614300"]
[BlackFideId "14112035"]
[EventDate "2023.10.01"]

1. d4 Nf6 2. c4 e6 3. g3 d5 4. Bg2 Bb4+ 5. Nd2 O-O 6. Nf3 c5 7. a3 Bxd2+ 8. Qxd2
dxc4 9. dxc5 Na6 10. c6 Nd5 11. O-O Qc7 12. Qc2 f6 13. Nd4 b5 14. Rd1 Qb6 15.
Be4 h6 16. Bxh6 gxh6 17. Bxd5 exd5 18. Qg6+ Kh8 19. Qxh6+ Kg8 20. Qg6+ Kh8 21.
Nxb5 Nc5 22. Rxd5 f5 23. Nd6 Be6 24. Rxc5 Qxc5 25. Qh6+ Kg8 26. Qxe6+ Kg7 27.
Rd1 Rf6 28. Ne8+ 1-0

[Event "27th ECC Women 2023"]
[Site "Durres ALB"]
[Date "2023.10.02"]
[Round "2.6"]
[Board "2"]
[White "Martynkova, Olena"]
[Black "Buksa, Nataliya"]
[Result "0-1"]
[WhiteTitle "WIM"]
[BlackTitle "IM"]
[WhiteElo "2229"]
[BlackElo "2361"]
[WhiteTeam "Panevezys"]
[BlackTeam "TAJFUN SK Ljubljana"]
[WhiteFideId "14134039"]
[BlackFideId "14123622"]
[EventDate "2023.10.01"]

1. d4 Nf6 2. Nf3 d5 3. Bf4 e6 4. e3 c5 5. Nbd2 Nc6 6. c3 cxd4 7. exd4 Nh5 8. Be3
Bd6 9. Ne5 g6 10. Be2 Ng7 11. Ndf3 f6 12. Nxc6 bxc6 13. Qc1 O-O 14. O-O e5 15.
dxe5 fxe5 16. c4 Bb7 17. c5 Bc7 18. Bh6 Qe7 19. b4 Rae8 20. Qg5 Qd7 21. Nd2 Rf4
22. Bxg7 Kxg7 23. Qg3 Rxb4 24. Rab1 Rxb1 25. Rxb1 Bc8 26. Qa3 e4 27. g3 a5 28.
Nb3 Qf7 29. Bf1 Qf6 30. Rc1 Rf8 31. Rc2 d4 32. Bg2 Bf5 33. Rd2 e3 34. Rb2 Bd3
35. fxe3 dxe3 36. Nc1 e2 37. Nxe2 Bxe2 38. Rxe2 Qa1+ 0-1

[Event "27th ECC Women 2023"]
[Site "Durres ALB"]
[Date "2023.10.02"]
[Round "2.6"]
[Board "3"]
[White "Unuk, Laura"]
[Black "Zaksaite, Salomeja"]
[Result "1-0"]
[WhiteTitle "IM"]
[BlackTitle "WIM"]
[WhiteElo "2313"]
[BlackElo "2217"]
[WhiteTeam "TAJFUN SK Ljubljana"]
[BlackTeam "Panevezys"]
[WhiteFideId "14609215"]
[BlackFideId "12801496"]
[EventDate "2023.10.01"]

1. d4 Nf6 2. c4 g6 3. g3 c6 4. Bg2 d5 5. Nf3 Bg7 6. O-O O-O 7. a4 Ne4 8. a5 dxc4
9. Bf4 Na6 10. Qc1 c5 11. Be5 Nd6 12. Bxg7 Kxg7 13. Rd1 cxd4 14. Nxd4 Bd7 15.
Nc3 Rc8 16. Qe3 Rc5 17. Nd5 Re8 18. h4 e5 19. h5 Rxd5 20. Bxd5 Nb4 21. Bg2 Qf6
22. Qf3 Qe7 23. Qc3 Nb5 24. Nxb5 Bxb5 25. Rd2 gxh5 26. Rad1 Ba4 27. Rf1 Bb5 28.
Qf3 Nc6 29. Qxh5 Nxa5 30. Be4 h6 31. Qf5 Qg5 32. Qh7+ Kf8 33. Rd5 a6 34. Qh8+
Qg8 35. Qxh6+ Qg7 36. Qb6 Nb3 37. Rd8 Nd4 38. Qd6+ Kg8 39. Rxe8+ Bxe8 40. e3
Ne2+ 41. Kg2 c3 42. Qb8 Qf8 43. Qxe5 cxb2 44. Qxb2 Bb5 45. Rh1 f6 46. Qb3+ 1-0

[Event "27th ECC Women 2023"]
[Site "Durres ALB"]
[Date "2023.10.02"]
[Round "2.6"]
[Board "4"]
[White "Kantane, Anna"]
[Black "Urh, Zala"]
[Result "1-0"]
[WhiteTitle "WIM"]
[BlackTitle "WIM"]
[WhiteElo "2260"]
[BlackElo "2216"]
[WhiteTeam "Panevezys"]
[BlackTeam "TAJFUN SK Ljubljana"]
[WhiteFideId "1135988"]
[BlackFideId "14611481"]
[EventDate "2023.10.01"]

1. e4 e5 2. Nf3 Nc6 3. Bc4 Nf6 4. d3 Be7 5. Nc3 O-O 6. a3 d6 7. h3 Be6 8. Nd5
Re8 9. O-O h6 10. Bb3 Bf8 11. c4 g6 12. Be3 Bg7 13. Qd2 Kh7 14. Nxf6+ Qxf6 15.
Ng5+ hxg5 16. Bxg5 Bh6 17. Bxh6 Rg8 18. f4 Kxh6 19. fxe5+ Qg5 20. Rf4 Bg4 21. h4
Qh5 22. Rxg4+ Kg7 23. Bd1 Qxe5 24. Be2 Qd4+ 25. Kh1 Ne5 26. Rf4 Rh8 27. g3 Rh6
28. Raf1 g5 29. Rf5 gxh4 30. Bh5 f6 31. gxh4 Rah8 32. Qg2+ Rg6 33. Qh2 Qxd3 34.
Bxg6 Qxe4+ 35. R5f3 Nxg6 36. h5 Ne5 37. Qg2+ Ng4 38. Rh3 Qxc4 39. Rh4 f5 40.
Rxf5 Qc1+ 41. Rf1 1-0

[Event "27th ECC Women 2023"]
[Site "Durres ALB"]
[Date "2023.10.02"]
[Round "2.7"]
[Board "3"]
[White "Jarocka, Liwia"]
[Black "Mkrtchian, Lilit"]
[Result "1/2-1/2"]
[WhiteTitle "FM"]
[BlackTitle "IM"]
[WhiteElo "2208"]
[BlackElo "2389"]
[WhiteTeam "Schachgesellschaft Solingen"]
[BlackTeam "SK Crvena zvezda Data Driven Lab"]
[WhiteFideId "21807558"]
[BlackFideId "13300601"]
[EventDate "2023.10.01"]

1. e4 c6 2. d4 d5 3. e5 c5 4. c3 Nc6 5. Be2 Bf5 6. Nf3 e6 7. O-O Bg6 8. dxc5
Bxc5 9. Nbd2 Nge7 10. Nb3 Bb6 11. h3 O-O 12. Re1 Bc7 13. Bf4 Be4 14. Bd3 Ng6 15.
Bg5 Qc8 16. Bxe4 dxe4 17. Rxe4 Ncxe5 18. Nxe5 Bxe5 19. Qe2 Bc7 20. h4 f6 21. h5
Nh8 22. Bd2 e5 23. c4 Nf7 24. c5 f5 25. Rh4 Qd8 26. Rb4 Qd5 27. Qc4 Qxc4 28.
Rxc4 Rfd8 29. Ba5 b6 30. cxb6 Bxb6 31. Rc6 Rd6 32. Rac1 Rad8 33. Rxd6 Nxd6 34.
Rc6 Ne4 35. Bxb6 axb6 36. h6 g5 37. g4 fxg4 38. Rxb6 Rf8 39. Re6 Nxf2 40. Rxe5
Nh3+ 41. Kg2 Rf3 42. Nc5 Kf7 43. Ne4 Kg6 44. a4 Kh5 45. Ng3+ Kh4 46. Nf5+ Kh5
47. Ng3+ 1/2-1/2

[Event "27th ECC Women 2023"]
[Site "Durres ALB"]
[Date "2023.10.02"]
[Round "2.7"]
[Board "4"]
[White "Velikic, Adela"]
[Black "Bashylina, Luisa"]
[Result "1-0"]
[WhiteTitle "WIM"]
[BlackTitle "WFM"]
[WhiteElo "2274"]
[BlackElo "2192"]
[WhiteTeam "SK Crvena zvezda Data Driven Lab"]
[BlackTeam "Schachgesellschaft Solingen"]
[WhiteFideId "913553"]
[BlackFideId "12983292"]
[EventDate "2023.10.01"]

1. d4 Nf6 2. c4 g6 3. h4 Bg7 4. Nc3 d5 5. h5 O-O 6. hxg6 hxg6 7. Nf3 dxc4 8. Bh6
Bxh6 9. Rxh6 Kg7 10. Qd2 c5 11. d5 e6 12. Rh4 Rh8 13. Rxh8 Qxh8 14. O-O-O Na6
15. Ng5 Nc7 16. d6 Ncd5 17. e4 Nxc3 18. Qxc3 Bd7 19. g3 Re8 20. Bxc4 b5 21. Be2
e5 22. f4 Kg8 23. Bxb5 Bxb5 24. Qb3 Rf8 25. Qxb5 exf4 26. gxf4 Qh4 27. Qf1 Nh5
28. Nh3 Ng3 29. Qg2 Qg4 30. Rg1 Ne2+ 31. Kd2 Qh5 32. Qxe2 Qxh3 33. e5 Qe6 34. b3
Qf5 35. Qe3 Re8 36. Rc1 Kg7 37. Rh1 Qe6 38. Qh3 Qd5+ 39. Kc1 f5 40. Qh7+ Kf8 41.
Qh8+ Qg8 42. Qf6+ 1-0

[Event "27th ECC Women 2023"]
[Site "Durres ALB"]
[Date "2023.10.03"]
[Round "3.1"]
[Board "1"]
[White "Stefanova, Antoaneta"]
[Black "Khotenashvili, Bella"]
[Result "1/2-1/2"]
[WhiteTitle "GM"]
[BlackTitle "GM"]
[WhiteElo "2424"]
[BlackElo "2483"]
[WhiteTeam "Teuta"]
[BlackTeam "Garuda Ajka BSK"]
[WhiteFideId "2902257"]
[BlackFideId "13602640"]
[EventDate "2023.10.01"]

1. e4 c6 2. Nf3 d5 3. d3 g6 4. e5 Bg7 5. d4 Nh6 6. Bd3 f6 7. exf6 exf6 8. O-O
O-O 9. c4 dxc4 10. Bxc4+ Kh8 11. h3 Nd7 12. Nc3 Nb6 13. Bb3 Re8 14. d5 cxd5 15.
Nxd5 Be6 16. Nxb6 Qxb6 17. Be3 Qb4 18. Bd2 Qb6 19. Be3 Qb4 20. Bd2 Qb6 21. Be3
Qb4 1/2-1/2

[Event "27th ECC Women 2023"]
[Site "Durres ALB"]
[Date "2023.10.03"]
[Round "3.1"]
[Board "2"]
[White "Hoang, Thanh Trang"]
[Black "Socko, Monika"]
[Result "1/2-1/2"]
[WhiteTitle "GM"]
[BlackTitle "GM"]
[WhiteElo "2398"]
[BlackElo "2380"]
[WhiteTeam "Garuda Ajka BSK"]
[BlackTeam "Teuta"]
[WhiteFideId "12400149"]
[BlackFideId "1106619"]
[EventDate "2023.10.01"]

1. d4 Nf6 2. Nf3 g6 3. g3 Bg7 4. Bg2 d6 5. O-O O-O 6. a4 a5 7. Re1 Nc6 8. e4 e5
9. c3 exd4 10. Nxd4 Bd7 11. Na3 Re8 12. Nab5 Nxd4 13. Nxd4 Qc8 14. Bf4 Bh3 15.
Qc2 Bxg2 16. Kxg2 Re7 17. Rad1 d5 18. exd5 Rxe1 19. Rxe1 Nxd5 20. Be5 Qd7 21.
Bxg7 Kxg7 22. Qe4 Rd8 23. Nf3 c6 24. c4 Nf6 25. Qe5 b6 26. Qc3 Qd3 27. Qxd3 Rxd3
28. Re7 Rd7 29. Re3 c5 30. h3 Kf8 31. Kf1 Re7 32. Ne5 Nd7 33. Nxd7+ Rxd7 34. Ke2
Rd4 35. b3 h5 36. Rd3 Re4+ 37. Kf3 Re6 38. Rd7 Kg7 39. Rb7 Kf6 40. g4 hxg4+ 41.
hxg4 Rd6 42. Ke3 g5 43. f4 gxf4+ 44. Kxf4 Rd4+ 45. Kf3 Rd6 46. Kf4 Rd4+ 47. Kf3
Rd6 1/2-1/2

[Event "27th ECC Women 2023"]
[Site "Durres ALB"]
[Date "2023.10.03"]
[Round "3.1"]
[Board "3"]
[White "Cyfka, Karina"]
[Black "Salimova, Nurgyul"]
[Result "1/2-1/2"]
[WhiteTitle "IM"]
[BlackTitle "IM"]
[WhiteElo "2350"]
[BlackElo "2424"]
[WhiteTeam "Teuta"]
[BlackTeam "Garuda Ajka BSK"]
[WhiteFideId "1122681"]
[BlackFideId "2915138"]
[EventDate "2023.10.01"]

1. d4 Nf6 2. c4 e6 3. Nc3 d5 4. cxd5 exd5 5. Bg5 Be7 6. e3 h6 7. Bh4 Bg4 8. Qc2
O-O 9. h3 Be6 10. Bd3 Ne8 11. Bxe7 Qxe7 12. Nge2 Nd6 13. Nf4 c6 14. O-O Nd7 15.
Rae1 Rae8 16. f3 Qg5 17. Qf2 h5 18. h4 Qh6 19. Qg3 Bf5 20. e4 dxe4 21. fxe4 Bg4
22. e5 Nf5 23. Bxf5 Bxf5 24. Nfd5 Bg4 25. Ne3 f5 26. Nc4 f4 27. Qd3 f3 28. g3 c5
29. Nd6 Qxd6 30. exd6 f2+ 31. Rxf2 Rxe1+ 32. Kg2 Bh3+ 33. Kxh3 Rxf2 34. g4 hxg4+
35. Kxg4 cxd4 36. Qxd4 Ne5+ 37. Kg3 Rf3+ 38. Kg2 Rf7 39. Qd5 Kf8 40. Qc5 Kg8 41.
Qd5 Kf8 42. Qe6 Rf2+ 43. Kg3 Rf3+ 44. Kg2 Rf2+ 45. Kg3 Rf3+ 1/2-1/2

[Event "27th ECC Women 2023"]
[Site "Durres ALB"]
[Date "2023.10.03"]
[Round "3.1"]
[Board "4"]
[White "Gaal, Zsoka"]
[Black "Ndreko, Ailin"]
[Result "1-0"]
[WhiteTitle "WIM"]
[WhiteElo "2305"]
[BlackElo "1263"]
[WhiteTeam "Garuda Ajka BSK"]
[BlackTeam "Teuta"]
[WhiteFideId "777765"]
[BlackFideId "4705807"]
[EventDate "2023.10.01"]

1. Nf3 d5 2. g3 Nf6 3. Bg2 e6 4. O-O Bd6 5. d4 O-O 6. c4 c6 7. Nbd2 b6 8. Qc2 h6
9. b3 Bb7 10. Bb2 Nbd7 11. Rad1 Rc8 12. e4 dxe4 13. Nxe4 Nxe4 14. Qxe4 Nf6 15.
Qc2 Qe7 16. Rfe1 Rfd8 17. Qc1 Bc7 18. Nh4 Bd6 19. d5 Rd7 20. dxe6 fxe6 21. Nf5
Qf8 22. Rxe6 Ne8 23. Nxd6 Nxd6 24. Bxg7 Rxg7 25. Rdxd6 h5 26. Qh6 Rcc7 27. Qxh5
Rc8 28. Rh6 1-0

[Event "27th ECC Women 2023"]
[Site "Durres ALB"]
[Date "2023.10.03"]
[Round "3.2"]
[Board "1"]
[White "Batsiashvili, Nino"]
[Black "Song, Yuxin"]
[Result "1/2-1/2"]
[WhiteTitle "GM"]
[BlackTitle "WIM"]
[WhiteElo "2475"]
[BlackElo "2404"]
[WhiteTeam "Superchess"]
[BlackTeam "TAJFUN SK Ljubljana"]
[WhiteFideId "13602993"]
[BlackFideId "8614300"]
[EventDate "2023.10.01"]

1. d4 Nf6 2. c4 e6 3. Nc3 Bb4 4. Nf3 O-O 5. Bg5 c5 6. e3 cxd4 7. exd4 d5 8. Rc1
Be7 9. Be2 dxc4 10. O-O b6 11. Ne5 Bb7 12. Bxc4 Nbd7 13. Re1 h6 14. Bxf6 Bxf6
15. Nxf7 Rxf7 16. Bxe6 Nf8 17. Bxf7+ Kxf7 18. Qb3+ Kg6 19. Ne4 Bxe4 20. Rxe4 Rc8
21. Rxc8 Qxc8 22. h4 h5 23. Qd3 Kf7 24. Qb3+ Kg6 25. g3 Qf5 26. Rf4 Qd7 27. d5
Qd6 28. Qf3 Qe5 29. Re4 Qf5 30. Qd3 Kh7 31. d6 Nd7 32. Qe2 Be5 33. Re3 Kg6 34.
Rf3 Qe6 35. Qe4+ Kh6 36. Re3 Qf7 37. Rd3 g6 38. b3 Kg7 39. Qb7 a5 40. Kg2 Qf5
41. Rf3 Qe6 42. Re3 Qf7 43. Qc6 Kh6 44. f4 Nb8 45. Qc8 Qd5+ 46. Rf3 Qd2+ 47. Rf2
Qd5+ 48. Kh2 Qd4 49. fxe5 Qxf2+ 50. Kh1 1/2-1/2

[Event "27th ECC Women 2023"]
[Site "Durres ALB"]
[Date "2023.10.03"]
[Round "3.2"]
[Board "2"]
[White "Buksa, Nataliya"]
[Black "Wagner, Dinara"]
[Result "1-0"]
[WhiteTitle "IM"]
[BlackTitle "WGM"]
[WhiteElo "2361"]
[BlackElo "2461"]
[WhiteTeam "TAJFUN SK Ljubljana"]
[BlackTeam "Superchess"]
[WhiteFideId "14123622"]
[BlackFideId "24157570"]
[EventDate "2023.10.01"]

1. e4 c5 2. Nf3 d6 3. d4 cxd4 4. Nxd4 Nf6 5. Nc3 a6 6. Bc4 e6 7. a4 Be7 8. O-O
O-O 9. Be3 Nc6 10. Qe2 d5 11. Rad1 Nb4 12. exd5 exd5 13. Bb3 Bg4 14. f3 Bd7 15.
Qf2 Qc7 16. Nde2 Rfe8 17. Kh1 Be6 18. Bb6 Qc8 19. Nf4 Qc6 20. a5 Qd6 21. Nfxd5
Bxd5 22. Nxd5 Nbxd5 23. Bxd5 Nxd5 24. c4 Qf4 25. cxd5 Bd6 26. g3 Qf5 27. Rd2
Rac8 28. Rfd1 h5 29. Bd4 Bb4 30. Bc3 Bc5 31. Qf1 Bd6 32. Re2 Red8 33. Re4 Rc5
34. Qd3 Qg6 35. Qe2 Qf5 36. Re8+ Rxe8 37. Qxe8+ Kh7 38. Qe4 Qxe4 39. fxe4 f6 40.
Bb4 Rxd5 41. exd5 Bxb4 42. d6 Bxa5 43. d7 Bd8 44. Re1 1-0

[Event "27th ECC Women 2023"]
[Site "Durres ALB"]
[Date "2023.10.03"]
[Round "3.2"]
[Board "4"]
[White "Urh, Zala"]
[Black "Roebers, Eline"]
[Result "1-0"]
[WhiteTitle "WIM"]
[BlackTitle "IM"]
[WhiteElo "2216"]
[BlackElo "2390"]
[WhiteTeam "TAJFUN SK Ljubljana"]
[BlackTeam "Superchess"]
[WhiteFideId "14611481"]
[BlackFideId "1058401"]
[EventDate "2023.10.01"]

1. d4 Nf6 2. Nf3 g6 3. c4 Bg7 4. g3 O-O 5. Bg2 d6 6. Nc3 Nc6 7. d5 Na5 8. b3 a6
9. O-O Rb8 10. Bg5 h6 11. Bd2 c5 12. dxc6 Nxc6 13. Rc1 e5 14. Ne1 Be6 15. Nc2
Ne7 16. Ne3 b5 17. Ncd5 Nexd5 18. cxd5 Bd7 19. Bb4 Qb6 20. Qd2 Rfc8 21. Ba5 Qb7
22. Nc2 e4 23. Nb4 Rc5 24. Qf4 Rbc8 25. Rcd1 Ng4 26. Qxd6 Be5 27. Qb6 Qa8 28.
Bxe4 Nf6 29. Bg2 Bf5 30. d6 Be4 31. Bxe4 1-0

[Event "27th ECC Women 2023"]
[Site "Durres ALB"]
[Date "2023.10.03"]
[Round "3.3"]
[Board "1"]
[White "Muzychuk, Anna"]
[Black "Atalik, Ekaterina"]
[Result "1-0"]
[WhiteTitle "GM"]
[BlackTitle "IM"]
[WhiteElo "2510"]
[BlackElo "2394"]
[WhiteTeam "Monte Carlo"]
[BlackTeam "Gokturk Chess Sport Club"]
[WhiteFideId "14111330"]
[BlackFideId "4130189"]
[EventDate "2023.10.01"]

1. e4 e5 2. Nf3 d6 3. d4 exd4 4. Nxd4 Nf6 5. Nc3 Be7 6. g3 O-O 7. Bg2 Nc6 8.
Nxc6 bxc6 9. O-O Rb8 10. b3 Nd7 11. Be3 Bf6 12. Qd2 Nb6 13. Rad1 Re8 14. a4 a5
15. Ne2 c5 16. Qxa5 Bb7 17. f3 Nd5 18. Qd2 Ba6 19. exd5 Qe7 20. Kf2 Qxe3+ 21.
Qxe3 Rxe3 22. Kxe3 Re8+ 23. Kf2 Rxe2+ 24. Kg1 Bd4+ 25. Rxd4 cxd4 26. Rc1 Re3 27.
Bf1 Bxf1 28. Kxf1 Rc3 29. Ke2 Kf8 30. a5 Rc5 31. Ra1 Rxc2+ 32. Kd3 Rc3+ 33. Kxd4
Rxb3 34. a6 Rb4+ 35. Kc3 Rb8 36. a7 Ra8 37. Kc4 Ke7 38. Kb5 Kd7 39. Ka6 1-0

[Event "27th ECC Women 2023"]
[Site "Durres ALB"]
[Date "2023.10.03"]
[Round "3.3"]
[Board "2"]
[White "Rakhmangulova, Anastasiya"]
[Black "Khademalsharieh, Sarasadat"]
[Result "0-1"]
[WhiteTitle "WIM"]
[BlackTitle "IM"]
[WhiteElo "2354"]
[BlackElo "2476"]
[WhiteTeam "Gokturk Chess Sport Club"]
[BlackTeam "Monte Carlo"]
[WhiteFideId "14117479"]
[BlackFideId "12512214"]
[EventDate "2023.10.01"]

1. e4 e5 2. Nf3 Nc6 3. Bc4 Nf6 4. d3 h6 5. h3 d6 6. a4 a6 7. c3 g6 8. Be3 d5 9.
exd5 Nxd5 10. O-O Be6 11. Nbd2 Bg7 12. Qc2 O-O 13. Rad1 f5 14. Bc5 Re8 15. Rfe1
Nf4 16. Bxe6+ Rxe6 17. Nc4 Qd5 18. Be3 Nxh3+ 19. Kh2 g5 20. gxh3 Qxf3 21. Qb3
Rae8 22. Nd2 Qh5 23. d4 g4 24. d5 Qxh3+ 25. Kg1 Na5 26. Qc2 Rf6 27. Bf4 Rff8 28.
Bh2 f4 29. Nf1 Nc4 30. f3 g3 31. Re2 gxh2+ 32. Rxh2 Qf5 0-1

[Event "27th ECC Women 2023"]
[Site "Durres ALB"]
[Date "2023.10.03"]
[Round "3.3"]
[Board "3"]
[White "Cramling, Pia"]
[Black "Demeter, Dorina"]
[Result "1/2-1/2"]
[WhiteTitle "GM"]
[BlackTitle "WFM"]
[WhiteElo "2446"]
[BlackElo "2115"]
[WhiteTeam "Monte Carlo"]
[BlackTeam "Gokturk Chess Sport Club"]
[WhiteFideId "1700030"]
[BlackFideId "778079"]
[EventDate "2023.10.01"]

1. d4 Nf6 2. c4 e6 3. Nf3 d5 4. g3 h6 5. Bg2 Bd6 6. O-O O-O 7. b3 Nc6 8. Bb2 Re8
9. Nbd2 a5 10. a3 b6 11. Qc2 Bb7 12. e4 dxe4 13. Nxe4 Nxe4 14. Qxe4 Qc8 15. Qg4
Bf8 16. Rad1 Ne7 17. Ne5 Bxg2 18. Kxg2 f6 19. Nd3 Nf5 20. Qf3 Qd7 21. Nf4 Bd6
22. Ne2 Qf7 23. Kg1 Qg6 24. Nc3 h5 25. Nb5 Rad8 26. Qe4 h4 27. Rfe1 h3 28. f4
Qg4 29. Qe2 Qg6 30. Qe4 Qg4 31. Qe2 Qg6 32. Qe4 1/2-1/2

[Event "27th ECC Women 2023"]
[Site "Durres ALB"]
[Date "2023.10.03"]
[Round "3.3"]
[Board "4"]
[White "Aydin, Gulenay"]
[Black "Paehtz, Elisabeth"]
[Result "1/2-1/2"]
[WhiteTitle "WFM"]
[BlackTitle "GM"]
[WhiteElo "2143"]
[BlackElo "2484"]
[WhiteTeam "Gokturk Chess Sport Club"]
[BlackTeam "Monte Carlo"]
[WhiteFideId "34557431"]
[BlackFideId "4641833"]
[EventDate "2023.10.01"]

1. e4 c5 2. Nf3 d6 3. d4 cxd4 4. Nxd4 Nf6 5. Nc3 a6 6. a3 e5 7. Nf5 d5 8. Bg5 d4
9. Bxf6 Qxf6 10. Nd5 Qd8 11. Qg4 g6 12. Qg3 Bd6 13. Nxd6+ Qxd6 14. Nb6 O-O 15.
Nxa8 Be6 16. Bd3 Nd7 17. O-O Rxa8 18. Rad1 Rc8 19. h3 Qb6 20. b3 Rc3 21. f4 exf4
22. Qxf4 Qc5 23. a4 Qe5 24. Qd2 Qc5 25. Qf4 Qe5 26. Qd2 Qc5 27. Qf4 Qe5 1/2-1/2

[Event "27th ECC Women 2023"]
[Site "Durres ALB"]
[Date "2023.10.03"]
[Round "3.4"]
[Board "1"]
[White "Ushenina, Anna"]
[Black "Van Foreest, Machteld"]
[Result "1-0"]
[WhiteTitle "GM"]
[BlackTitle "FM"]
[WhiteElo "2434"]
[BlackElo "2266"]
[WhiteTeam "SP Gaz Ukraine"]
[BlackTeam "Schachgesellschaft Solingen"]
[WhiteFideId "14110911"]
[BlackFideId "1051563"]
[EventDate "2023.10.01"]

1. d4 d5 2. c4 e6 3. Nc3 Nf6 4. Nf3 Be7 5. Bf4 O-O 6. e3 Nbd7 7. Qc2 c6 8. cxd5
exd5 9. Bd3 Re8 10. h3 Nf8 11. O-O Ne6 12. Bh2 Bd6 13. Bxd6 Qxd6 14. Rab1 h6 15.
b4 Ng5 16. Ne5 Qe7 17. Rfc1 Nfe4 18. Nxe4 dxe4 19. Bc4 Nxh3+ 20. gxh3 Qg5+ 21.
Kh2 Rxe5 22. dxe5 Bxh3 23. Kxh3 Qh5+ 24. Kg2 Qf3+ 25. Kf1 b5 26. Ke1 bxc4 27.
Qe2 Qh3 28. Rxc4 Rd8 29. Rcc1 Rd3 30. Rd1 Ra3 31. Rb2 Qh1+ 32. Qf1 Qh4 33. Kd2
Qe7 34. Kc1 Qxe5 35. Kb1 1-0

[Event "27th ECC Women 2023"]
[Site "Durres ALB"]
[Date "2023.10.03"]
[Round "3.4"]
[Board "2"]
[White "Muetsch, Annmarie"]
[Black "Javakhishvili, Lela"]
[Result "1/2-1/2"]
[WhiteTitle "WIM"]
[BlackTitle "IM"]
[WhiteElo "2262"]
[BlackElo "2437"]
[WhiteTeam "Schachgesellschaft Solingen"]
[BlackTeam "SP Gaz Ukraine"]
[WhiteFideId "12971367"]
[BlackFideId "13601458"]
[EventDate "2023.10.01"]

1. d4 Nf6 2. Bg5 e6 3. e4 h6 4. Bxf6 Qxf6 5. c3 d6 6. Bc4 Qg6 7. Qf3 Nd7 8. Nd2
Be7 9. Ne2 Nb6 10. Bb3 Bd7 11. O-O h5 12. Qe3 Qh6 13. f4 g5 14. e5 gxf4 15. Nxf4
Bc6 16. exd6 cxd6 17. Nc4 Nd5 18. Nxd6+ Bxd6 19. Bxd5 Bxd5 20. Nxd5 O-O-O 21.
Qxh6 Rxh6 22. Ne3 f6 23. a4 Rg6 24. Rae1 Kd7 25. Nc4 Bc7 26. Rf3 Rc8 27. Ne3 a6
28. Ref1 Ke7 29. g3 b5 30. axb5 axb5 31. d5 h4 32. dxe6 hxg3 33. Nf5+ Kxe6 34.
hxg3 Be5 35. Ra1 Rd8 36. Ra6+ Kf7 37. Ra7+ Kf8 38. Rb7 Rd1+ 39. Kg2 Rd2+ 40. Rf2
Rxf2+ 41. Kxf2 Rg5 42. Nd4 Rxg3 43. Nxb5 Rh3 44. Na7 Bxc3 45. bxc3 Rxc3 46. Rd7
Ke8 47. Rh7 Rc5 48. Kf3 Kf8 49. Kf4 Rc1 50. Nb5 Rf1+ 51. Ke4 Re1+ 52. Kd4 Rd1+
53. Kc5 f5 54. Nd4 f4 55. Rh4 f3 56. Rf4+ Ke7 57. Rxf3 Ra1 58. Kd5 Ra5+ 59. Ke4
Ra1 60. Rb3 Re1+ 61. Kd5 Rd1 62. Rb6 Kf7 63. Ke5 Re1+ 64. Kf4 Rf1+ 65. Nf3 Ke7
66. Ke4 Rd1 67. Ke5 Kd7 68. Rh6 Kc7 69. Nd4 Rg1 70. Rf6 Rh1 71. Kd5 Rh5+ 72. Nf5
Rh1 73. Ne3 Rh5+ 74. Kd4 Rh1 75. Kc5 Kd7 76. Nf5 Rc1+ 77. Kd5 Rd1+ 78. Nd4 Ke7
79. Rf3 Rd2 80. Ke5 Rd1 81. Rf2 Re1+ 82. Kd5 Rd1 83. Rf3 Rd2 84. Re3+ Kf6 85.
Re6+ Kf7 86. Ra6 Rd1 87. Ke4 Re1+ 88. Kf4 Rf1+ 89. Nf3 Ke7 90. Ke4 Rh1 91. Rc6
Ra1 92. Rg6 Rf1 93. Rg1 Rxg1 94. Nxg1 1/2-1/2